Délmagyarország. - 1946. május 22., Szerda
Elmentve itt :
| Dokumentumtípus: | Újság |
|---|---|
| Megjelent: |
1946-05-22
|
| Sorozat: | Délmagyarország
3 No. 114 |
| Online Access: | http://dmarchiv.bibl.u-szeged.hu/10734 |
| LEADER | 00486nas a2200145 i 4500 | ||
|---|---|---|---|
| 001 | delm10734 | ||
| 005 | 20200414154635.0 | ||
| 008 | 171214s1946 hu n o 0|| hun d | ||
| 022 | |a 0133-025X | ||
| 040 | |a SZTE Délmagyarország Archívum |b hun | ||
| 041 | |a hun | ||
| 245 | 0 | 0 | |a Délmagyarország. - 1946. május 22., Szerda |h [elektronikus dokumentum] |
| 260 | |c 1946-05-22 | ||
| 490 | 0 | |a Délmagyarország |v 3 No. 114 | |
| 856 | 4 | 0 | |u http://dmarchiv.bibl.u-szeged.hu/10734/1/dm_1946_114.pdf |z Dokumentum-elérés |